00883cam a2200229 i 45000010011000000030004000110050017000150080041000320200030000730400029001030500013001321000028001452450107001732600065002803000105003453360026004503370028004763380027005045040051005316500040005827000031006221346293437OSt20250425150635.0221129s2023 njuabf b 001 0 eng  a9780691213422 (hardcover) aDLCbengerdacDLCdNUST00aQH44 BRO1 aBroberg, GunnareAuthor14aThe man who organized nature :bthe life of Linnaeus /cGunnar Broberg ; translated by Anna Paterson. aPrinceton, New Jersey : bPrinceton University Press,c2023. ax, 484 pages, 16 unnumbered pages of plates :billustrations (some color), maps (some color);c25 cm atextbtxt2rdacontent aunmediatedbn2rdamedia avolumebnc2rdacarrier aIncludes bibliographical references and index. 0vNaturalists -- Sweden -- Biography.1 aPaterson, AnnaeTranslator